00514nam a2200169Ia 4500100003000000650001600030942000700046366000700053654001900060245002000079260003900099082001700138300000800155546001200163999001700175952015200192 aBRUCE/FISHER/ HART/NINA.  aPHILOPSOPHY cBK f25 aLOVING CHOICES aLOVING CHOICES. bBETTER YOURSELF BOOKaBandrac2000 a170/BRUbBRU a268 aENGLISH c32530d32530 001040708CRCaCRCEbCRCEd2023-03-17eBetter Yourself Booksg65.00i1028/DT.04/09/2007l0o170/BRU BRUp17802r2023-03-17v90.00w0000-00-00yBK